[Event "29th 4NCL Congress"]
[Site "Harrogate"]
[Date "2023.01.21"]
[Round "3"]
[Board "14"]
[White "Neenan, Henry"]
[Black "Wheeler, Tim"]
[Result "1-0"]
[WhiteElo "1846"]
[BlackElo "1762"]
[PlyCount "71"]
[EventDate "2023.01.20"]
[EventRounds "5"]
[EventCountry "ENG"]

1. d4 Nf6 2. c4 g6 3. Nc3 Bg7 4. Nf3 O-O 5. g3 d6 6. Bg2 Nbd7 7. O-O c6 8. Re1 Re8
9. b3 Qa5 10. Bb2 e5 11. dxe5 dxe5 12. e4 Nc5 13. Qc2 Bg4 14. a3 Qc7 15. Nd1 Bxf3
16. Bxf3 Rad8 17. Ne3 Nd3 18. Red1 Nxb2 19. Qxb2 Nd7 20. g4 Nc5 21. b4 Ne6 22. c5
Nd4 23. Bg2 Rd7 24. Rd2 Red8 25. Nc4 Bh6 26. Rdd1 Bf4 27. Nd6 Rxd6 28. cxd6 Rxd6
29. Kh1 Qd8 30. Rd3 Qh4 31. h3 h5 32. gxh5 gxh5 33. Rg1 Rg6 34. a4 a6 35. Rf1 Ne6
36. b5  1-0

[Event "29th 4NCL Congress"]
[Site "Harrogate"]
[Date "2023.01.21"]
[Round "3"]
[Board "15"]
[White "Baxter, Martin"]
[Black "Kenning, Paul H"]
[Result "0-1"]
[WhiteElo "1707"]
[BlackElo "1842"]
[PlyCount "50"]
[EventDate "2023.01.20"]
[EventRounds "5"]
[EventCountry "ENG"]

1. e4 d6 2. d4 Nf6 3. Nc3 Nbd7 4. f4 e5 5. fxe5 dxe5 6. Nf3 exd4 7. Nxd4 Ne5 8. Be2
c6 9. O-O Bc5 10. Be3 Nfg4 11. Bxg4 Nxg4 12. Qf3 O-O 13. Nce2 Nxe3 14. Qxe3 Bg4 15.
c3 Bxe2 16. Qxe2 Bxd4+ 17. cxd4 Qxd4+ 18. Kh1 Rad8 19. Rad1 Qe5 20. Rxd8 Rxd8 21.
Qc4 Rd7 22. b3 h6 23. Qa4 a6 24. Qc4 Qd4 25. Qc2 Qd3  0-1

[Event "29th 4NCL Congress"]
[Site "Harrogate"]
[Date "2023.01.21"]
[Round "3"]
[Board "16"]
[White "Dean, Robert A"]
[Black "Connor, Michael I"]
[Result "1/2-1/2"]
[WhiteElo "1830"]
[BlackElo "1760"]
[PlyCount "112"]
[EventDate "2023.01.20"]
[EventRounds "5"]
[EventCountry "ENG"]

1. Nf3 Nf6 2. d4 g6 3. Bg5 Ne4 4. Bh4 Bg7 5. e3 d5 6. Bd3 c5 7. c3 Qb6 8. Qb3 Qxb3
9. axb3 cxd4 10. exd4 Nc6 11. Na3 O-O 12. Bxe4 dxe4 13. Nd2 f5 14. Nb5 Bd7 15. Nc7
Rac8 16. Nd5 Rfe8 17. b4 b5 18. Ra6 Kf7 19. Bg3 e5 20. dxe5 Bxe5 21. Bxe5 Rxe5 22.
c4 bxc4 23. b5 Rxd5 24. bxc6 Rxc6 25. Rxc6 Bxc6 26. Nxc4 Rc5 27. b3 Bd5 28. Kd2 Bxc4
29. bxc4 Rxc4 30. Ra1 Rc7 31. Ra6 f4 32. g3 g5 33. Ra5 h6 34. gxf4 gxf4 35. Rf5+
Kg6 36. Rxf4 Re7 37. Ke3 a5 38. Rg4+ Kf5 39. Rg1 Rd7 40. Ra1 Rd3+ 41. Ke2 Rd5 42.
Ke3 h5 43. Ra4 Rb5 44. h4 Rb3+ 45. Ke2 Rb5 46. Ke3 Re5 47. f4 Rb5 48. Ra3 Rd5 49.
Ra4 Rd3+ 50. Ke2 Kxf4 51. Rxa5 Kg4 52. Ra4 Kf4 53. Ra5 Rb3 54. Rxh5 Rb2+ 55. Kd1
Rh2 56. Rh8 Kg4  1/2-1/2

[Event "29th 4NCL Congress"]
[Site "Harrogate"]
[Date "2023.01.21"]
[Round "3"]
[Board "17"]
[White "Walshaw, David"]
[Black "Tomlinson, Zak"]
[Result "0-1"]
[WhiteElo "1686"]
[BlackElo "1828"]
[PlyCount "68"]
[EventDate "2023.01.20"]
[EventRounds "5"]
[EventCountry "ENG"]

1. e4 c5 2. Nf3 Nc6 3. d4 cxd4 4. Nxd4 e5 5. Nb3 Nf6 6. f3 d5 7. exd5 Qxd5 8. Qxd5
Nxd5 9. c4 Ndb4 10. Na3 Bf5 11. Kd1 O-O-O+ 12. Bd2 Be7 13. h4 h5 14. Be2 Rd7 15.
Ke1 Rhd8 16. g4 hxg4 17. fxg4 Bc2 18. Bxb4 Bxb4+ 19. Kf2 Bxb3 20. axb3 Rd2 21. Rab1
Nd4 22. Rhe1 Nxb3 23. Red1 Rxd1 24. Rxd1 Rxd1 25. Bxd1 Bxa3 26. bxa3 Nd2 27. Be2
Nb1 28. a4 Nc3 29. a5 Kc7 30. Ke3 Nxe2 31. Kxe2 b6 32. a6 Kc6 33. h5 f6 34. Kd3 Kc5
 0-1

[Event "29th 4NCL Congress"]
[Site "Harrogate"]
[Date "2023.01.21"]
[Round "3"]
[Board "18"]
[White "Billenness, Greg"]
[Black "Holi, Sief Al Din"]
[Result "1-0"]
[WhiteElo "1818"]
[BlackElo "1709"]
[PlyCount "89"]
[EventDate "2023.01.20"]
[EventRounds "5"]
[EventCountry "ENG"]

1. d4 d5 2. Nc3 Nf6 3. e4 e6 4. e5 Ne4 5. Nxe4 dxe4 6. Be3 Be7 7. f3 exf3 8. Nxf3
Nd7 9. Bd3 Nb6 10. O-O Nd5 11. Bd2 f5 12. c4 Nb6 13. Kh1 O-O 14. a4 c5 15. a5 Nd7
16. d5 exd5 17. cxd5 Qe8 18. d6 Bd8 19. Bc4+ Kh8 20. e6 Nf6 21. d7 Bxd7 22. exd7
Qxd7 23. Ne5 Qe7 24. Re1 Ne4 25. Nd3 Bc7 26. Qh5 Rad8 27. Bf4 Bxf4 28. Nxf4 Qd6 29.
Rf1 Rf6 30. Nh3 Rdf8 31. Rad1 Qc7 32. Rd5 Rh6 33. Rdxf5 Nf6 34. Qg5 Rg6 35. Qe3 Rd8
36. Ng5 h6 37. Nf7+ Kh7 38. Nxd8 Qxd8 39. h3 Qc7 40. Bd3 Qc6 41. R1f2 Kh8 42. Rxc5
Nd5 43. Rf8+ Kh7 44. Rxc6 bxc6 45. Qe4  1-0

[Event "29th 4NCL Congress"]
[Site "Harrogate"]
[Date "2023.01.21"]
[Round "3"]
[Board "19"]
[White "Jayawarna, Thisumi"]
[Black "Livesey, R Nigel"]
[Result "1-0"]
[WhiteElo "1660"]
[BlackElo "1818"]
[PlyCount "73"]
[EventDate "2023.01.20"]
[EventRounds "5"]
[EventCountry "ENG"]

1. e4 c6 2. d4 d5 3. Nc3 b5 4. a3 dxe4 5. Nxe4 Bf5 6. Ng3 Bg6 7. h4 h6 8. h5 Bh7
9. Nf3 e6 10. Bd3 Bxd3 11. Qxd3 Nd7 12. Bd2 Ngf6 13. O-O-O Be7 14. Kb1 O-O 15. Ne4
a5 16. Nxf6+ Nxf6 17. Ne5 Qd5 18. f4 Rfd8 19. g4 Ne4 20. Be3 f5 21. Rhg1 b4 22. a4
Rab8 23. Ka1 b3 24. c4 Qd6 25. c5 Qc7 26. gxf5 Nxc5 27. Qc3 Ne4 28. Qxc6 Qxc6 29.
Nxc6 Rb7 30. Nxd8 Bxd8 31. fxe6 Rb4 32. d5 Rxa4+ 33. Kb1 Bf6 34. Rd3 Rb4 35. d6 a4
36. d7 Rb8 37. Bd4  1-0

[Event "29th 4NCL Congress"]
[Site "Harrogate"]
[Date "2023.01.21"]
[Round "3"]
[Board "21"]
[White "Williamson, Graham A"]
[Black "Waite, Nicholas"]
[Result "1/2-1/2"]
[WhiteElo "1807"]
[BlackElo "1437"]
[PlyCount "45"]
[EventDate "2023.01.20"]
[EventRounds "5"]
[EventCountry "ENG"]

1. d4 d5 2. Bf4 Nf6 3. e3 e6 4. Nf3 Bd6 5. Bg5 O-O 6. Ne5 c5 7. c3 Nbd7 8. f4 cxd4
9. exd4 Qb6 10. Qb3 Ne4 11. Nxd7 Bxd7 12. Qxb6 axb6 13. Bd3 Nxg5 14. fxg5 e5 15.
dxe5 Rfe8 16. O-O Rxe5 17. Nd2 Rxg5 18. Nf3 Rh5 19. a3 Re8 20. Rae1 Rxe1 21. Rxe1
Kf8 22. h3 Bc5+ 23. Kh1  1/2-1/2

[Event "29th 4NCL Congress"]
[Site "Harrogate"]
[Date "2023.01.21"]
[Round "3"]
[Board "22"]
[White "Cooper, Malcolm H"]
[Black "Salisbury, Paul"]
[Result "0-1"]
[WhiteElo "1879"]
[BlackElo "1700"]
[PlyCount "60"]
[EventDate "2023.01.20"]
[EventRounds "5"]
[EventCountry "ENG"]

1. d4 d5 2. c4 Nc6 3. Nf3 Bg4 4. cxd5 Bxf3 5. gxf3 Qxd5 6. e3 e5 7. Nc3 Bb4 8. Bd2
Bxc3 9. bxc3 Qd6 10. Qb3 Rb8 11. Bc4 Nd8 12. Bc1 Ne7 13. Ba3 Qf6 14. Ke2 O-O 15.
Rad1 Ndc6 16. Qc2 Rfd8 17. Bd3 Ng6 18. Bxg6 fxg6 19. d5 Ne7 20. e4 Qa6+ 21. Rd3 Qxa3
22. c4 Qc5 23. Rb1 a6 24. Qc3 Nc8 25. Qxe5 Qxc4 26. Kd2 Nd6 27. Rc3 Qxa2+ 28. Kc1
Nb5 29. Rc2 Qa3+ 30. Rbb2 Qd6  0-1

[Event "29th 4NCL Congress"]
[Site "Harrogate"]
[Date "2023.01.21"]
[Round "3"]
[Board "23"]
[White "Stone, Ian C"]
[Black "Taylor, Robert P"]
[Result "1/2-1/2"]
[WhiteElo "1729"]
[BlackElo "1725"]
[PlyCount "156"]
[EventDate "2023.01.20"]
[EventRounds "5"]
[EventCountry "ENG"]

1. e4 Nc6 2. d4 d5 3. e5 Bf5 4. c3 e6 5. Nf3 f6 6. Bf4 fxe5 7. Nxe5 Nxe5 8. Bxe5
Nf6 9. Bd3 Bxd3 10. Qxd3 Bd6 11. Qe2 O-O 12. O-O Qd7 13. Nd2 Rae8 14. f4 c5 15. g4
Re7 16. g5 Ne8 17. Rae1 c4 18. Qg4 Bxe5 19. Rxe5 g6 20. Rfe1 Ng7 21. Nf1 Ref7 22.
Ne3 Rxf4 23. Qh3 Rf3 24. Qg2 Rf2 25. Qxf2 Rxf2 26. Kxf2 Qf7+ 27. Kg1 Qf4 28. Rf1
Qh4 29. Ng2 Qg4 30. Kh1 Nf5 31. Ne3 Qh3 32. Re1 Nh4 33. Rf1 Nf3 34. Rxf3 Qxf3+ 35.
Kg1 Kf7 36. b3 b5 37. bxc4 bxc4 38. a4 Qe2 39. Nf1 Qg4+ 40. Kf2 Qf4+ 41. Kg1 Qg4+
42. Kf2 Qd1 43. Re3 Qxa4 44. Rf3+ Ke7 45. Ne3 Qa2+ 46. Kg3 Qd2 47. h4 a5 48. Ng4
Qe1+ 49. Kg2 Qxh4 50. Ne5 Qxg5+ 51. Kh3 Qh5+ 52. Kg3 a4 53. Rf7+ Ke8 54. Ra7 Qg5+
55. Kf3 h5 56. Rxa4 Qf5+ 57. Kg3 g5 58. Ra8+ Ke7 59. Ra7+ Kf8 60. Ra8+ Ke7 61. Ra7+
Kd8 62. Nf7+ Kc8 63. Nd6+ Kb8 64. Nxf5 Kxa7 65. Ng7 h4+ 66. Kg4 e5 67. Ne6 exd4 68.
Nxd4 Ka6 69. Ne6 Kb5 70. Nxg5 Kc5 71. Nf3 Kb5 72. Kxh4 Ka4 73. Nd4 Ka3 74. Kg3 Kb2
75. Nb5 Kc2 76. Kf3 Kd3 77. Kf2 d4 78. cxd4 c3  1/2-1/2

[Event "29th 4NCL Congress"]
[Site "Harrogate"]
[Date "2023.01.21"]
[Round "3"]
[Board "24"]
[White "Ward, William"]
[Black "Ginestie, Martin"]
[Result "1/2-1/2"]
[WhiteElo "1850"]
[BlackElo "1684"]
[PlyCount "105"]
[EventDate "2023.01.20"]
[EventRounds "5"]
[EventCountry "ENG"]

1. f4 Nf6 2. e3 d5 3. Nf3 c5 4. d3 Nc6 5. b3 g6 6. Bb2 Bg7 7. Be2 O-O 8. h3 b6 9.
O-O Bb7 10. Qe1 Nb4 11. Bd1 Rc8 12. a3 Nc6 13. Nbd2 e6 14. Rb1 Qc7 15. Qh4 Nd7 16.
Bxg7 Kxg7 17. e4 dxe4 18. dxe4 e5 19. f5 Nf6 20. Nh2 Rcd8 21. Ng4 Nxg4 22. f6+ Nxf6
23. Qxf6+ Kg8 24. Nf3 Qe7 25. Qxe7 Nxe7 26. Nxe5 Bxe4 27. Re1 f5 28. Nd3 Nd5 29.
Nf2 Nc3 30. Rc1 Nxd1 31. Nxe4 fxe4 32. Rcxd1 Rxd1 33. Rxd1 Rf7 34. Rd8+ Kg7 35. Re8
Rf4 36. c4 Kf6 37. b4 e3 38. Rxe3 Rxc4 39. bxc5 Rxc5 40. Kf2 Rf5+ 41. Kg3 a6 42.
a4 Ra5 43. Rb3 Rxa4 44. Rxb6+ Kf5 45. Kh2 Kg5 46. g3 Ra2+ 47. Kg1 a5 48. Ra6 a4 49.
Ra5+ Kh6 50. h4 a3 51. g4 Ra1+ 52. Kg2 a2 53. Ra7  1/2-1/2

[Event "29th 4NCL Congress"]
[Site "Harrogate"]
[Date "2023.01.21"]
[Round "3"]
[Board "25"]
[White "Butterworth, Paul"]
[Black "Jayawarna, Tarini"]
[Result "1-0"]
[WhiteElo "1785"]
[BlackElo "1680"]
[PlyCount "111"]
[EventDate "2023.01.20"]
[EventRounds "5"]
[EventCountry "ENG"]

1. d4 Nf6 2. c4 g6 3. Nc3 Bg7 4. e4 d6 5. Be2 O-O 6. Nf3 e5 7. O-O Nc6 8. d5 Ne7
9. Ne1 Nd7 10. Be3 f5 11. f3 f4 12. Bf2 Nf6 13. a4 g5 14. Nd3 Ng6 15. a5 a6 16. c5
Qe8 17. cxd6 cxd6 18. Na4 g4 19. Nb6 Rb8 20. Nxc8 Rxc8 21. Qb3 g3 22. hxg3 fxg3 23.
Bxg3 Nh5 24. Bf2 Ngf4 25. Rfe1 Nxe2+ 26. Rxe2 Nf4 27. Nxf4 exf4 28. Rc2 Rxc2 29.
Qxc2 Qb5 30. Ra2 Be5 31. b3 Qd7 32. Qd3 Rc8 33. Rc2 Rxc2 34. Qxc2 Qb5 35. Bb6 Qb4
36. Kf1 Qb5+ 37. Qc4 Qd7 38. Ke2 Kf7 39. Qc7 Qxc7 40. Bxc7 Kg6 41. Kd3 Kh5 42. Bd8
Kg6 43. Kc4 Bf6 44. Bc7 Be5 45. Bb6 Kf7 46. Kd3 Ke7 47. Kc4 Kf7 48. b4 Ke7 49. b5
Kd7 50. Bf2 h6 51. bxa6 bxa6 52. Bd4 Kc8 53. Bxe5 dxe5 54. Kc5 Kc7 55. d6+ Kd7 56.
Kd5  1-0

[Event "29th 4NCL Congress"]
[Site "Harrogate"]
[Date "2023.01.21"]
[Round "3"]
[Board "26"]
[White "Dufton, Daniel"]
[Black "Millar, Greg F"]
[Result "0-1"]
[WhiteElo "1718"]
[BlackElo "1784"]
[PlyCount "93"]
[EventDate "2023.01.20"]
[EventRounds "5"]
[EventCountry "ENG"]

1. c4 e5 2. Nc3 Bb4 3. e3 Nf6 4. Be2 Bxc3 5. bxc3 O-O 6. d4 d6 7. Nf3 Nc6 8. O-O
e4 9. Nd2 Re8 10. Ba3 b6 11. Qc2 Ba6 12. Rfe1 Nb8 13. Bb2 c5 14. a4 Nc6 15. Rad1
Qe7 16. Nb3 Bc8 17. Ra1 Bg4 18. a5 h5 19. axb6 axb6 20. Bxg4 Nxg4 21. h3 Nf6 22.
Ra3 Rxa3 23. Bxa3 g5 24. Qe2 Qd7 25. Nd2 Ra8 26. Ra1 Qf5 27. Bb2 Rxa1+ 28. Bxa1 g4
29. hxg4 Nxg4 30. Nf1 Ne7 31. Ng3 Qg6 32. Qa2 h4 33. Ne2 Qf5 34. Nf4 Ng6 35. Nxg6
fxg6 36. Qe2 Qg5 37. Bb2 h3 38. g3 h2+ 39. Kh1 Qf5 40. Kg2 Qf3+ 41. Qxf3 exf3+ 42.
Kh1 Kf7 43. Bc1 Ke6 44. d5+ Ke5 45. Bd2 Ke4 46. Be1 Kd3 47. e4  0-1

[Event "29th 4NCL Congress"]
[Site "Harrogate"]
[Date "2023.01.21"]
[Round "3"]
[Board "27"]
[White "Liu, Zizheng"]
[Black "Doherty, Paul"]
[Result "1-0"]
[WhiteElo "1611"]
[BlackElo "1778"]
[PlyCount "161"]
[EventDate "2023.01.20"]
[EventRounds "5"]
[EventCountry "ENG"]

1. e4 Nc6 2. Nf3 f5 3. exf5 d5 4. d4 a6 5. Ne5 Nxe5 6. dxe5 Bxf5 7. Bg5 Qd7 8. Bd3
g6 9. O-O Bg7 10. Re1 Nh6 11. Nc3 c6 12. h3 Qe6 13. Na4 O-O 14. Qd2 Nf7 15. Nc5 Qc8
16. Bxe7 Re8 17. Bf6 Bh6 18. Qb4 Bf8 19. Qd4 Bxc5 20. Qxc5 Qe6 21. Re3 Rab8 22. Rae1
Nh6 23. Qd4 Bxd3 24. Rxd3 Nf5 25. Qf4 Rf8 26. Qg5 Nd6 27. h4 Ne4 28. Rxe4 dxe4 29.
Qh6 Rf7 30. Rg3 Rxf6 31. exf6 Qxf6 32. h5 Qg7 33. Qf4 Re8 34. hxg6 hxg6 35. Qd6 Kf7
36. Qd7+ Re7 37. Qd6 Qf6 38. Qb4 g5 39. Rg4 Qf5 40. Qc4+ Kf6 41. Qd4+ Kg6 42. Rg3
Rd7 43. Qc4 Rd5 44. Re3 Qf4 45. g3 Qf5 46. Rxe4 Qf3 47. Re1 Kf6 48. Qb4 Kf5 49. Qf8+
Kg4 50. Qc8+ Rf5 51. Rf1 b5 52. Qd7 Qd5 53. Qxd5 Rxd5 54. Kg2 Rd2 55. Rc1 Kf5 56.
Kf3 g4+ 57. Ke3 Rd5 58. Ke2 Re5+ 59. Kd2 c5 60. Re1 Rd5+ 61. Kc3 a5 62. Re2 Rd4 63.
b3 b4+ 64. Kb2 Re4 65. Rd2 Rd4 66. Rxd4 cxd4 67. Kc1 Ke4 68. Kd2 Kf3 69. Ke1 Ke4
70. Ke2 Kf5 71. f3 gxf3+ 72. Kxf3 Ke5 73. g4 Kf6 74. Ke4 Kg5 75. Kxd4 Kxg4 76. Kc4
Kf4 77. Kb5 Ke5 78. Kxa5 Kd6 79. Kxb4 Kc6 80. a4 Kb6 81. c4  1-0

[Event "29th 4NCL Congress"]
[Site "Harrogate"]
[Date "2023.01.21"]
[Round "3"]
[Board "28"]
[White "Hall, David G"]
[Black "Gallagher, Dominic"]
[Result "1-0"]
[WhiteElo "1769"]
[BlackElo "1649"]
[PlyCount "117"]
[EventDate "2023.01.20"]
[EventRounds "5"]
[EventCountry "ENG"]

1. d4 d5 2. c4 e6 3. Nf3 Nf6 4. Nbd2 c6 5. Qc2 Nbd7 6. g3 b6 7. Bg2 Bb7 8. O-O Bd6
9. e4 dxe4 10. Nxe4 Nxe4 11. Qxe4 Nf6 12. Qe2 O-O 13. Rd1 Qe7 14. Bg5 h6 15. Bxf6
Qxf6 16. Ne5 Bxe5 17. dxe5 Qe7 18. Rd6 Rfd8 19. Rad1 Rxd6 20. exd6 Qd7 21. b4 c5
22. Bxb7 Qxb7 23. bxc5 bxc5 24. Qd3 Rd8 25. d7 Qc6 26. Qd6 Qxd6 27. Rxd6 Kf8 28.
Rc6 Rxd7 29. Rxc5 Ke7 30. Ra5 Rc7 31. h4 Kd6 32. Kf1 e5 33. Ke2 f5 34. Kd3 h5 35.
f3 Rd7 36. Kc3 Rc7 37. Rd5+ Ke6 38. Rd8 g6 39. Rg8 Kf7 40. Rb8 Rd7 41. Rb5 Ke6 42.
Ra5 e4 43. Ra6+ Kf7 44. fxe4 fxe4 45. Ra5 Rd3+ 46. Kb4 Rxg3 47. Re5 Rg4 48. c5 Kf6
49. c6 Kxe5 50. c7 e3+ 51. Kb3 Kf4 52. c8=Q Kf3 53. Qc6+ Kf2 54. Kc3 e2 55. Qf6+
Kg1 56. Kd2 Rg2 57. Ke1 Kh2 58. Qf4+ Kg1 59. Qe3+  1-0

[Event "29th 4NCL Congress"]
[Site "Harrogate"]
[Date "2023.01.21"]
[Round "3"]
[Board "30"]
[White "Salazar Eyre, Emma"]
[Black "Greatorex, Roger"]
[Result "1-0"]
[WhiteElo "1700"]
[BlackElo "1830"]
[PlyCount "25"]
[EventDate "2023.01.20"]
[EventRounds "5"]
[EventCountry "ENG"]

1. e4 e5 2. Nf3 Nc6 3. Bc4 Nf6 4. d3 d5 5. exd5 Nxd5 6. O-O Bg4 7. h3 Bh5 8. Re1
Bc5 9. Nxe5 Bxf2+ 10. Kxf2 Qh4+ 11. g3 Qd4+ 12. Kg2 Bxd1 13. Nxc6+  1-0

[Event "29th 4NCL Congress"]
[Site "Harrogate"]
[Date "2023.01.21"]
[Round "3"]
[Board "31"]
[White "Ashcroft, Graham J"]
[Black "Lawrence, Spencer"]
[Result "1-0"]
[WhiteElo "1959"]
[BlackElo "1774"]
[PlyCount "51"]
[EventDate "2023.01.20"]
[EventRounds "5"]
[EventCountry "ENG"]

1. f4 d5 2. Nf3 Nc6 3. e3 Bg4 4. Bb5 a6 5. Ba4 b5 6. Bb3 e6 7. O-O d4 8. d3 Bc5 9.
e4 Nf6 10. Nbd2 Qd7 11. h3 Bxf3 12. Nxf3 O-O-O 13. Bd2 h5 14. Qe1 Qe7 15. a4 b4 16.
a5 Kb7 17. Ra4 Nd7 18. e5 Nf8 19. Qe4 f5 20. exf6 gxf6 21. Bc4 Qd7 22. Re1 f5 23.
Qe2 Ne5 24. Qxe5 Qxa4 25. Qxc5 Nd7 26. Qxb4+  1-0

[Event "29th 4NCL Congress"]
[Site "Harrogate"]
[Date "2023.01.22"]
[Round "4"]
[Board "1"]
[White "Donahue, Randolph E"]
[Black "Pilley, Jack"]
[Result "0-1"]
[WhiteElo "1848"]
[BlackElo "1944"]
[PlyCount "50"]
[EventDate "2023.01.20"]
[EventRounds "5"]
[EventCountry "ENG"]

1. e4 c6 2. d4 d5 3. Nc3 dxe4 4. Nxe4 Nf6 5. Nxf6+ exf6 6. c3 Bd6 7. Bd3 O-O 8. Qc2
Re8+ 9. Ne2 h6 10. O-O Qc7 11. h3 Nd7 12. Be3 Nf8 13. Rfe1 Bd7 14. Qd2 f5 15. Nf4
g5 16. Nh5 f4 17. Nf6+ Kg7 18. Nxe8+ Rxe8 19. Qc2 fxe3 20. fxe3 Bg3 21. Re2 g4 22.
Bf5 Ng6 23. hxg4 Qd8 24. Bxd7 Qh4 25. Ree1 Nf4  0-1

[Event "29th 4NCL Congress"]
[Site "Harrogate"]
[Date "2023.01.22"]
[Round "4"]
[Board "2"]
[White "Robson, Paul E"]
[Black "Mata, Andrew B"]
[Result "1/2-1/2"]
[WhiteElo "1942"]
[BlackElo "1868"]
[PlyCount "140"]
[EventDate "2023.01.20"]
[EventRounds "5"]
[EventCountry "ENG"]

1. e4 c6 2. d4 d5 3. exd5 cxd5 4. c4 Nf6 5. Nc3 Nc6 6. Nf3 e6 7. Bg5 Be7 8. Bd3 dxc4
9. Bxc4 O-O 10. O-O a6 11. Re1 Qc7 12. Qe2 b5 13. Bb3 h6 14. Bh4 Bb7 15. Rad1 b4
16. Na4 Nd5 17. Bxe7 Ncxe7 18. Nc5 Nf4 19. Qd2 Bxf3 20. gxf3 Ned5 21. Kh1 a5 22.
Re4 Rad8 23. Rg1 Kh8 24. Bxd5 Nxd5 25. Rh4 Kh7 26. Qd3+ g6 27. Nxe6 Qe7 28. Nxf8+
Rxf8 29. Re4 Qf6 30. Rg3 Rc8 31. Qd2 g5 32. Qd3 Kg7 33. Qd2 Kh7 34. Kg2 Nf4+ 35.
Kf1 Nh5 36. Rh3 Nf4 37. Rg3 Nh5 38. Kg2 Nf4+ 39. Rxf4 Qxf4 40. Qd3+ Kg7 41. d5 Rd8
42. Rg4 Qe5 43. Rd4 f5 44. d6 Rd7 45. Rd5 Qe6 46. b3 Kg6 47. Qd2 Qf6 48. Rxa5 Qxd6
49. Qxd6+ Rxd6 50. Rb5 Rd4 51. Rb6+ Kg7 52. Ra6 Rd3 53. Ra4 Rd2 54. a3 bxa3 55. Rxa3
Rb2 56. Ra7+ Kg6 57. Rb7 Rb1 58. b4 f4 59. b5 Kh5 60. Rb8 Kh4 61. b6 h5 62. h3 Rb3
63. Rb7 Rb1 64. Rb8 Rb3 65. b7 Rb1 66. Kh2 Rb3 67. Kg2 Rb1 68. Kh2 Rb3 69. Kg2 Rb2
70. Kh2 Rxf2+  1/2-1/2

[Event "29th 4NCL Congress"]
[Site "Harrogate"]
[Date "2023.01.22"]
[Round "4"]
[Board "3"]
[White "Hall, James"]
[Black "Webster, Vivien"]
[Result "0-1"]
[WhiteElo "1919"]
[BlackElo "1754"]
[PlyCount "148"]
[EventDate "2023.01.20"]
[EventRounds "5"]
[EventCountry "ENG"]

1. e4 b6 2. d4 Bb7 3. Bg5 h6 4. Bh4 Bxe4 5. d5 Bg6 6. Nc3 Nf6 7. Nf3 a6 8. Bc4 d6
9. Nd4 Bh5 10. Be2 Bxe2 11. Qxe2 g5 12. Bg3 Qd7 13. O-O-O Bg7 14. Rhe1 Ng8 15. Qe4
Nf6 16. Qe2 Ng8 17. Qf3 h5 18. h3 g4 19. Qe4 Nf6 20. Qe2 gxh3 21. gxh3 Kd8 22. Nc6+
Nxc6 23. dxc6 Qe8 24. Bh4 Rh6 25. Bg5 Rg6 26. h4 Bh6 27. f4 Bxg5 28. hxg5 Ng8 29.
Qxh5 f6 30. Qh7 fxg5 31. fxg5 Rxg5 32. Rg1 Nf6 33. Qh1 Rxg1 34. Rxg1 Kc8 35. Re1
Kb8 36. b4 Ka7 37. Qf3 Qf8 38. Re6 Ng8 39. Qe3 Qf5 40. a4 Kb8 41. Ne2 a5 42. b5 Ka7
43. Nd4 Qf1+ 44. Kb2 Rf8 45. Qd2 Qc4 46. Re4 Qxa4 47. Rf4 Rxf4 48. Qxf4 e5 49. Qf7
Qxd4+ 50. Kb1 Qb4+ 51. Ka2 Qa4+ 52. Kb1 Qxb5+ 53. Kc1 Qxc6 54. Qxg8 a4 55. Qa2 b5
56. Kd2 Kb6 57. Qg8 Kc5 58. Qg1+ Kb4 59. Qb1+ Ka5 60. Qg1 Qd5+ 61. Kc1 c5 62. Qe1+
b4 63. Qf1 Qd4 64. Qg2 d5 65. Qg7 Qa1+ 66. Kd2 Qc3+ 67. Kd1 a3 68. Qa7+ Kb5 69. Qb7+
Kc4 70. Qa6+ Kd4 71. Qe2 Qe3 72. Qg4+ Kc3 73. Qxb4+ Kxb4 74. c3+ Qxc3  0-1

[Event "29th 4NCL Congress"]
[Site "Harrogate"]
[Date "2023.01.22"]
[Round "4"]
[Board "4"]
[White "Dos Santos Silva, Bruno Alexandre"]
[Black "De Sousa Muachikape, Jael"]
[Result "0-1"]
[WhiteElo "1711"]
[BlackElo "1913"]
[PlyCount "64"]
[EventDate "2023.01.20"]
[EventRounds "5"]
[EventCountry "ENG"]

1. d4 d5 2. Nc3 Nf6 3. Bf4 e6 4. Nb5 Na6 5. e3 c6 6. Nc3 Nc7 7. g4 Bb4 8. f3 Nb5
9. Bxb5 cxb5 10. Nge2 a6 11. a3 Ba5 12. h4 h5 13. g5 Ng8 14. Qd3 Ne7 15. Be5 Kf8
16. Bg3 Bc7 17. Bxc7 Qxc7 18. Nf4 g6 19. Qd2 Kg7 20. e4 Rd8 21. exd5 Nxd5 22. Ncxd5
exd5 23. O-O-O Bf5 24. Nd3 Rac8 25. Rh2 Bxd3 26. Qxd3 Qxh2 27. c3 Re8 28. Rd2 Qxh4
29. Re2 Qxg5+ 30. Kd1 Rxe2 31. Qxe2 Rc7 32. f4 Qg4  0-1

[Event "29th 4NCL Congress"]
[Site "Harrogate"]
[Date "2023.01.22"]
[Round "4"]
[Board "5"]
[White "Hymer, Barry"]
[Black "Tomlinson, Zak"]
[Result "1-0"]
[WhiteElo "1987"]
[BlackElo "1828"]
[PlyCount "31"]
[EventDate "2023.01.20"]
[EventRounds "5"]
[EventCountry "ENG"]

1. d4 Nf6 2. Nc3 d5 3. Bf4 e6 4. e3 a6 5. Bd3 c5 6. dxc5 Bxc5 7. Nf3 Nc6 8. O-O O-O
9. e4 dxe4 10. Nxe4 Nxe4 11. Bxe4 f6 12. Qe2 e5 13. Bxe5 Nxe5 14. Nxe5 Bxf2+ 15.
Qxf2 fxe5 16. Bd5+  1-0

[Event "29th 4NCL Congress"]
[Site "Harrogate"]
[Date "2023.01.22"]
[Round "4"]
[Board "6"]
[White "Kenning, Paul H"]
[Black "Gibbs, Dominic V"]
[Result "1/2-1/2"]
[WhiteElo "1842"]
[BlackElo "1966"]
[PlyCount "103"]
[EventDate "2023.01.20"]
[EventRounds "5"]
[EventCountry "ENG"]

1. e4 e6 2. d4 d5 3. Bd3 dxe4 4. Bxe4 Nf6 5. Bf3 Bd6 6. Ne2 Nbd7 7. O-O O-O 8. Nbc3
c6 9. Re1 e5 10. g3 exd4 11. Nxd4 Ne5 12. Bg2 Bg4 13. Nf3 Re8 14. Be3 Qc7 15. a3
Rad8 16. Qe2 b5 17. h3 Nxf3+ 18. Bxf3 Bxh3 19. Kh2 Bf5 20. Qf1 Ng4+ 21. Bxg4 Bxg4
22. Ne2 Qe7 23. Nf4 Qf6 24. c3 Bxf4 25. Bxf4 g5 26. f3 gxf4 27. Rxe8+ Rxe8 28. fxg4
fxg3+ 29. Kxg3 Re3+ 30. Kg2 Qh4 31. Qf4 Re2+ 32. Kg1 Re1+ 33. Rxe1 Qxe1+ 34. Kg2
Qe2+ 35. Kg3 Qe1+ 36. Kg2 Qe2+ 37. Kg3 Qd3+ 38. Kf2 Kg7 39. Qe5+ Kg6 40. Qh5+ Kf6
41. Qh6+ Ke7 42. Qxc6 Qd2+ 43. Kf3 Qxb2 44. Qc7+ Ke6 45. Qc6+ Ke5 46. Qe4+ Kd6 47.
Qd4+ Kc6 48. Qf6+ Kc5 49. Qd4+ Kc6 50. Qf6+ Kc5 51. Qd4+ Kc6 52. Qf6+  1/2-1/2

[Event "29th 4NCL Congress"]
[Site "Harrogate"]
[Date "2023.01.22"]
[Round "4"]
[Board "7"]
[White "Ashton, Alannah"]
[Black "Gostelow, Luke"]
[Result "0-1"]
[WhiteElo "1789"]
[BlackElo "1920"]
[PlyCount "110"]
[EventDate "2023.01.20"]
[EventRounds "5"]
[EventCountry "ENG"]

1. e4 c5 2. Nf3 e6 3. d4 cxd4 4. Nxd4 Nc6 5. Nc3 Qc7 6. Be3 a6 7. f4 b5 8. Bxb5 Nxd4
9. Qxd4 axb5 10. Nxb5 Qa5+ 11. Nc3 Nf6 12. e5 Nd5 13. Bd2 Nxc3 14. Bxc3 Qb5 15. a4
Qc6 16. a5 Bc5 17. Qd3 Ba6 18. Qf3 Qxf3 19. gxf3 Rb8 20. Kd2 Ke7 21. Rhb1 Rhc8 22.
b4 Be3+ 23. Kxe3 Rxc3+ 24. Kd2 Rxf3 25. c4 Bxc4 26. a6 Bxa6 27. Rxa6 Rb5 28. Ra5
Rb6 29. b5 Rxf4 30. Kd3 f6 31. exf6+ gxf6 32. Kc3 Kd8 33. Rb4 Rxb4 34. Kxb4 Kc7 35.
Ra7+ Rb7 36. Ra6 d6 37. Rc6+ Kd7 38. Ka5 f5 39. Ka6 Rb8 40. Rc1 f4 41. b6 e5 42.
Rc7+ Ke6 43. Ka7 Rxb6 44. Kxb6 f3 45. Rc2 e4 46. Rf2 Ke5 47. Kc6 Kf4 48. Kxd6 e3
49. Ra2 e2 50. Ra1 f2 51. Ra4+ Kf3 52. Ra7 e1=Q 53. Rxh7 Qe8 54. Re7 Qxe7+ 55. Kxe7
f1=Q  0-1

[Event "29th 4NCL Congress"]
[Site "Harrogate"]
[Date "2023.01.22"]
[Round "4"]
[Board "8"]
[White "Mikalajunas, Kajus"]
[Black "Procter, Colin S"]
[Result "1-0"]
[WhiteElo "1905"]
[BlackElo "1820"]
[PlyCount "59"]
[EventDate "2023.01.20"]
[EventRounds "5"]
[EventCountry "ENG"]

1. e4 e6 2. d4 d5 3. exd5 exd5 4. Bd3 Nf6 5. c3 Be7 6. Ne2 c6 7. O-O Nbd7 8. Re1
Nf8 9. Ng3 Ng6 10. Bg5 O-O 11. Nd2 h6 12. Bxf6 Bxf6 13. Bxg6 fxg6 14. Qc2 Bg5 15.
Nf3 Rxf3 16. gxf3 Qf6 17. Re8+ Kf7 18. Qe2 Qd6 19. Re1 Rb8 20. f4 Bf6 21. f5 Bxf5
22. Nxf5 gxf5 23. Re6 Qf4 24. Rxf6+ gxf6 25. Qe6+ Kg6 26. Re3 Qc7 27. Rg3+ Kh7 28.
Qxf5+ Kh8 29. Qxf6+ Kh7 30. Qg6+  1-0